000 00322nam a2200109Ia 4500
008 220204s9999 xx 000 0 und d
082 _a631.8
_bSIT
100 _aSittig, Marshall
245 0 _aFertilizer industry: Processes, pollution control and energy conservation
260 _aNew Jersey
_bNoyes Data
_c1979
942 _cBK
999 _c32072
_d32072